Mass transport phenomena /
Guardado en:
| Autor Principal: | |
|---|---|
| Formato: | Libro |
| Idioma: | English |
| Publicado: |
New York :
Holt, Rinehart and Winston,
c1972.
|
| Materias: | |
| Etiquetas: |
Agregar Etiqueta
Sin Etiquetas, Sea el primero en etiquetar este registro!
|
| LEADER | 00789nam a2200229 a 4500 | ||
|---|---|---|---|
| 001 | EIQ.libpla003036 | ||
| 008 | 720302s1972####nyua#####b####001#0#eng## | ||
| 005 | 20071005165802.0 | ||
| 245 | 1 | 0 | |a Mass transport phenomena / |c [by] Christie J. Geankoplis. |
| 260 | |a New York : |b Holt, Rinehart and Winston, |c c1972. | ||
| 300 | |a xiv, 495 p. : |b il. ; |c 24 cm. | ||
| 504 | |a Incluye referencias bibliográficas e índice. | ||
| 020 | |a 0030852331 | ||
| 100 | 1 | |a Geankoplis, Christie J. | |
| 082 | 0 | 0 | |a 531/.1137 |
| 650 | 4 | |a Procesos |x Transferencia de masa. | |
| 650 | 4 | |a Procesos |x Fenómeno de transporte. | |
| 650 | 4 | |a Processes |x Mass transfer. | |
| 650 | 4 | |a Processes |x Transport theory. | |
| 010 | |a 79154348 | ||
| 040 | |a DLC |c DLC |d AR-BbSID | ||
| 859 | |a AR-BbSID |b BIB. PLAPIQUI |h 660.284 2 |i G 26 |p 4619 | ||
